Gespeichert in:
Bibliographische Detailangaben
Format: Unbekannt
Sprache:Spanish
Schlagworte:
Tags: Tag hinzufügen
Keine Tags, Fügen Sie den ersten Tag hinzu!

MARC

LEADER 000000000a22000000004500
001 002049
041 0 |a spa 
082 0 4 |a 001.305 E 
310 |a anual 
650 4 |a HUMANIDADES 
773 0 |d España : Universidad de León. Facultad de Filosofía y Letras  |t Estudios humanísticos: Geografía, historia, arte  |g número 17 (1981) 
942 |c ARC 
999 |c 9767  |d 9767